Statistiche per Scuderie con il maggior numero di Podi in Formula 1

Clicka qui per fare il quiz!

Statistiche generali

  • Questo quiz è stato fatto 6 volte
  • Il punteggio medio è 7 su 13

Statistiche sulle risposte

NazionePodiScuderia% Corretto
Italia805Ferrari
100%
Regno Unito502McLaren
100%
Germania288Mercedes
100%
Regno Unito / Austria260Red Bull
100%
Regno Unito / Francia107Renault
67%
Regno Unito312Williams
67%
Regno Unito172Team Lotus
50%
Regno Unito124Brabham
33%
Regno Unito58Cooper
33%
Francia50Ligier
33%
Regno Unito61BRM
17%
Regno Unito77Tyrrell
17%
Regno Unito / Italia102Benetton
0%

Distribuzione punteggi

Percentile per numero di risposta

Percentuale di utenti per punteggio

I tuoi punteggi nel tempo

Non hai fatto questo quiz